GITAM review of international business

Detalles Bibliográficos
Autor Corporativo: GITAM School of International Business
Formato: Electrónico Seriadas
Lenguaje:inglés
Publicado: Visakhapatnam, India : GITAM School of International Business
Materias:
Acceso en línea:Full text available from Research Library: 07/01/2008 to 07/31/2010

MARC

LEADER 00000nas a2200000 a 4500
001 ssj0000993249
003 WaSeSS
005 20200512172242.0
006 m d
007 cr n
008 120131c200u9999ii fr s 0 0eng
010 |a  2011322171 
022 |y 0974-357X 
025 |a I-E-E-2011-322171; 80-91 
035 |a (WaSeSS)ssj0000993249 
040 |a DLC  |b eng  |c DLC  |d OCLCQ  |d AU@  |d ZYU  |d OCLCO  |d RDF  |d OCLCQ  |d OCLCO  |d OCLCF  |d OCLCO  |d ZYU  |d WaSeSS 
042 |a pcc 
050 1 4 |a HD62.4  |b .G38 
210 0 |a GITAM rev. int. bus. 
222 0 |a GITAM review of international business 
245 0 0 |a GITAM review of international business  |h [electronic resource]. 
246 3 |a Review of international business 
246 3 |a International business 
260 |a Visakhapatnam, India :  |b GITAM School of International Business 
310 |a Semiannual 
506 |a License restrictions may limit access. 
588 |a Description based on: Vol. 3, issue 1 (July 2010); title from cover. 
588 |a Latest issue consulted: Vol. 4, issue 2 (Jan. 2012). 
650 0 |a International business enterprises  |v Periodicals. 
650 7 |a International business enterprises.  |2 fast  |0 (OCoLC)fst00976774 
655 0 |a Electronic journals. 
710 2 |a GITAM School of International Business. 
856 4 0 |z Full text available from Research Library: 07/01/2008 to 07/31/2010  |u https://search.proquest.com/publication/1106348